|
|
|
|
| LEADER |
00000nas a2200000 a 4500 |
| 001 |
ssj0000314240 |
| 003 |
WaSeSS |
| 005 |
20200512172242.0 |
| 006 |
m d |
| 007 |
cr n |
| 008 |
080922c20109999pauqr pss | a0eng c |
| 010 |
|
|
|a 2008214740
|
| 016 |
7 |
|
|a 2535329-9
|2 DE-600
|
| 022 |
|
|
|a 1945-497X
|l 1945-497X
|
| 035 |
|
|
|a (WaSeSS)ssj0000314240
|
| 037 |
|
|
|b Society for Industrial and Applied Mathematics (SIAM), 3600 Market St., 6th Fl., Philadelphia, PA 19104
|
| 040 |
|
|
|a NSD
|b eng
|c NSD
|d BUF
|d DLC
|d HEBIS
|d WAU
|d HUL
|d MYG
|d CUS
|d OCLCQ
|d OCLCF
|d OCLCQ
|d AU@
|d WaSeSS
|
| 042 |
|
|
|a pcc
|a nsdp
|
| 050 |
1 |
4 |
|a HF5691
|
| 082 |
1 |
0 |
|a 650
|2 14
|
| 222 |
|
0 |
|a SIAM journal on financial mathematics
|
| 245 |
0 |
0 |
|a SIAM journal on financial mathematics
|h [electronic resource].
|
| 246 |
1 |
3 |
|a Society for Industrial and Applied Mathematics journal on financial mathematics
|
| 246 |
1 |
3 |
|a Journal on financial mathematics
|
| 246 |
1 |
3 |
|a Financial mathematics
|
| 246 |
1 |
3 |
|a SIAM j. financial math
|
| 260 |
|
|
|a Philadelphia, PA :
|b Society for Industrial and Applied Mathematics
|
| 310 |
|
|
|a Quarterly
|
| 362 |
1 |
|
|a Began with: Vol. 1 (2010).
|
| 506 |
|
|
|a License restrictions may limit access.
|
| 588 |
|
|
|a Description based on: Vol. 1 (2010); title from PDF running title (SIAM website, viewed Jun. 20, 2011).
|
| 588 |
|
|
|a Latest issue consulted: Vol. 2 (2011) (SIAM website, viewed Jun. 20, 2011).
|
| 650 |
|
0 |
|a Business mathematics
|v Periodicals.
|
| 650 |
|
7 |
|a Business mathematics.
|2 fast
|0 (OCoLC)fst00842780
|
| 655 |
|
0 |
|a Electronic journals.
|
| 710 |
2 |
|
|a Society for Industrial and Applied Mathematics.
|
| 856 |
4 |
0 |
|z Full text available from Research Library: 01/01/2010 to 01/31/2014
|u https://search.proquest.com/publication/666310
|